00511nam a22001097a 4500040000800000082002700008100001900035245028100054260002600335300002600361856001400387 cRUA aLMA BUT 2011 B310 Or.1 aBUTH, ROTHANA. aStudy on systematic land registration in sa ang district kandal province, សិក្សាពីការចុះបញ្ជីដីធ្លីមានលក្ខណៈជាប្រព័ន្ធនៅស្រុកស្អាង ខេត្តកណ្ដាល aPhnom PenhbRUAc2011 axi; 39p.bill.c29cm. uKAN ROTHA